Is there a glass ceiling in Sweden? (Registro nro. 33401)

Detalles MARC
000 -LEADER
fixed length control field 00394 a2200133 4500
001 - CONTROL NUMBER
control field ART_43481
005 - DATE AND TIME OF LATEST TRANSACTION
control field 20260410162024.0
008 - FIXED-LENGTH DATA ELEMENTS--GENERAL INFORMATION
fixed length control field 260409a
100 1# - MAIN ENTRY--PERSONAL NAME
Personal name Albrecht, James W.
245 10 - TITLE STATEMENT
Title Is there a glass ceiling in Sweden?
700 1# - ADDED ENTRY--PERSONAL NAME
Personal name Björklund, Anders
700 1# - ADDED ENTRY--PERSONAL NAME
Personal name Vroman, Susan
773 0# - HOST ITEM ENTRY
Title Journal of labor economics
Related parts - Vol. 21, Nº 1 (ene. 2003)
Record control number REV43438

No hay ítems disponibles.